[Event "ITA-ch sf 78th"]
[Site "Alessandria"]
[Date "2018.07.29"]
[Round "9"]
[White "Stasio, Giuseppe Danilo"]
[Black "Mortola, Alberto"]
[Result "0-1"]
[WhiteElo "1772"]
[BlackElo "1978"]
[PlyCount "80"]
[EventDate "2018.07.21"]
[EventType "swiss"]
[EventRounds "9"]
[EventCountry "ITA"]
[SourceTitle "CBM 186 Extra"]
[Source "ChessBase"]
[SourceDate "2018.08.24"]
[SourceVersion "1"]
[SourceVersionDate "2018.08.24"]
[SourceQuality "1"]

1. e4 e5 2. Nf3 Nc6 3. Bc4 Nf6 4. d3 Be7 5. c3 d6 6. Bb3 0-0 7. 0-0 Bg4 8. h3 Be6 9. Bc2 d5 10. Qe2 dxe4 11. dxe4 Qe8 12. Nbd2 Nd7 13. Nc4 f6 14. Ne3 Qh5 15. Nf5 Bxf5 16. exf5 Bd6 17. Be3 Ne7 18. Qb5 Nb6 19. c4 c6 20. Qb3 c5 21. Rad1 Nbc8 22. Qd3 b6 23. Rd2 Rd8 24. Rfd1 Qe8 25. Qe4 Rb8 26. Qg4 Qf7 27. Be4 Kh8 28. b3 Qe8 29. Qh4 Nc6 30. g4 Nd4 31. g5 Qf8 32. Kg2 Ne7 33. Rg1 Ndxf5 34. Bxf5 Nxf5 35. Qe4 Nd4 36. Kf1 f5 37. Qb1 Nxf3 38. Rg2 f4 39. Rb2 fxe3 40. Qe4 Nd2+ 0-1

[Event "ITA-ch sf 78th"]
[Site "Alessandria"]
[Date "2018.07.21"]
[Round "1"]
[White "Stasio, Giuseppe Danilo"]
[Black "Gallana, Marco"]
[Result "0-1"]
[WhiteElo "1772"]
[BlackElo "2216"]
[PlyCount "92"]
[EventDate "2018.07.21"]
[EventType "swiss"]
[EventRounds "9"]
[EventCountry "ITA"]
[SourceTitle "CBM 186 Extra"]
[Source "ChessBase"]
[SourceDate "2018.08.24"]
[SourceVersion "1"]
[SourceVersionDate "2018.08.24"]
[SourceQuality "1"]

1. e4 c5 2. d4 cxd4 3. c3 dxc3 4. Nxc3 Nc6 5. Nf3 d6 6. Bc4 a6 7. 0-0 Nf6 8. h3 e6 9. Qe2 Be7 10. Rd1 Qa5 11. Be3 0-0 12. a3 b5 13. Bd3 Bb7 14. b4 Qc7 15. Rac1 Rac8 16. Bb1 Qb8 17. Bf4 Ne5 18. Ba2 Rfd8 19. Ng5 h6 20. Nf3 Bf8 21. Nxe5 dxe5 22. Rxd8 Rxd8 23. Bg3 Rd4 24. f3 Nh5 25. Bh2 Qd6 26. Rd1 Be7 27. Kh1 Nf4 28. Bxf4 exf4 29. Bb3 Bf6 30. Bc2 h5 31. Kg1 Rxd1+ 32. Nxd1 Bd4+ 33. Kf1 e5 34. Bb3 Bc8 35. Qa2 Qg6 36. Nf2 Bd7 37. Bd5 Kf8 38. Qc2 Qd6 39. Qa2 Qc7 40. Bb3 Qc1+ 41. Nd1 Be6 42. Ke2 Bc4+ 43. Bxc4 bxc4 44. a4 c3 45. Qb3 Qd2+ 46. Kf1 c2 0-1